| 000 | 00486nam a2200205Ia 4500 | ||
|---|---|---|---|
| 008 | 210210b1926 xxu||||| |||| 00| 0 eng d | ||
| 041 | _aeng | ||
| 082 | _a954/68 | ||
| 100 | _aCROOKE (William) | ||
| 245 | _aReligion and folklore of northern India | ||
| 260 |
_aLondon _bOxford University Press _c1926 |
||
| 650 | _aReligion | ||
| 650 | _aof | ||
| 650 | _anorthern | ||
| 650 | _aIndia | ||
| 650 | _afolklore | ||
| 650 | _aand | ||
| 690 | _aIndian History | ||
| 906 | _a025827 | ||
| 999 |
_c151741 _d151741 |
||